| 000 | 00844cab a22001935a 4500 | ||
|---|---|---|---|
| 001 | L144731 | ||
| 008 | 080806s2008 xxk f 000 0 eng d | ||
| 035 | _a(Sirsi) u144731 | ||
| 041 | 0 | _aeng | |
| 100 | 1 | _aCook, Lucian | |
| 245 | 0 | 0 | _aNo recovery till 2011 |
| 260 | _c2008 | ||
| 490 |
_aProperty Forecast _v11(7) July 2008, 5-6(2) |
||
| 520 | _aDiscusses the prospects for the UK residential sector in light of the current economic downturn. Lists various factors responsible for stagnation in the property market, including reduced access to consumer mortgages; sellers factoring in future falls and cutting their prices accordingly and a lack of confidence in the consumer finance sector. | ||
| 650 | 2 | 4 | _aCREDIT CRUNCH |
| 651 | 4 |
_aUnited Kingdom _y |
|
| 690 | _aPROPERTY-RESIDENTIAL PROPERTY-RESIDENTIAL PROPERTY MARKET | ||
| 942 | _n0 | ||
| 999 |
_c80560 _d80560 |
||